000 00498nam a2200181Ia 4500
999 _c28859
_d28859
003 OSt
005 20201209150603.0
008 190216s9999||||xx |||||||||||||| ||und||
020 _a9788188801244
040 _coclc
082 _a894.8124
_bPAU/S
100 _aPaul, M P
_96744
245 0 _aSahitya Vicharam /
_cM P Paul
260 _bLIPI Publications,
_aKozhikode:
_c2005.
300 _a94p
650 _aLekhanam
942 _cBK
_2ddc
_h894.8124
_iPAU/S
_k894.8124
_mPAU/S